Biblioteca

Ruth (Registro nro. 67841)

Detalles MARC
000 -LÍDER
Campo fijo de descripción fija 02306nam a2200373 i 4500
001 - NÚMERO DE CONTROL
Campo de control 768714001
003 - IDENTIFICADOR DEL NÚMERO DE CONTROL
Campo de control CO-MdFUSB
005 - FECHA Y HORA DE LA ULTIMA TRANSACCIÓN
control field 20220502143442.0
007 - CAMPO FIJO DE DESCRIPCIÓN FIJA--INFORMACIÓN GENERAL
Campo fijo de descripción fija ta
008 - ELEMENTOS DE LONGITUD FIJA -- INFORMACIÓN GENERAL
Campo fijo de descripción fija -- Información general 200314t2004 -us |||| |||| 00| 0 eng d
020 ## - NÚMERO INTERNACIONAL NORMALIZADO PARA LIBROS
Número Internacional Normalizado del libro 0800695151
040 ## - FUENTE DE CATALOGACIÓN
Agencia de catalogación original CO-MdFUSB
Idioma de catalogación spa
Agencia que realiza la transcripción CO-MdFUSB
Agencia que realiza la modificación CO-MdFUSBC
Convenciones de la descripción rda
041 ## - CÓDIGO DE IDIOMA
Código de idioma para texto/pista de sonido o título separado eng
082 ## - NÚMERO DE CLASIFICACIÓN DECIMAL DEWEY
Número de la edición del Dewey 23
Número de clasificación 222.3507
Clave de autor-Numero de item L142
100 ## - ASIENTO PRINCIPAL--NOMBRE PERSONAL
Nombre personal LaCocque, André
Término relacionador autor
245 1# - TÍTULO
Título del Material Ruth
Mención de responsabilidad, etc. / André LaCocque ; traducido por . K. C. Hanson.
264 #1 - PRODUCCIÓN, PUBLICACIÓN, DISTRIBUCIÓN, MANUFACTURA, Y COPYRIGHT
Lugar de producción, publicación, distribución, manufactura Estados Unidos :
Nombre del productor, publicador, distribuidor Fortress Press,
Fecha de producción, publicación, distribución, manufactura, o copyright [2004]
264 #4 - PRODUCCIÓN, PUBLICACIÓN, DISTRIBUCIÓN, MANUFACTURA, Y COPYRIGHT
Fecha de producción, publicación, distribución, manufactura, o copyright © 2004
300 ## - DESCRIPCIÓN FÍSICA
Extensión 187 páginas
Dimensiones ; 24 cm
336 ## - TIPO DE CONTENIDO
Fuente rdacontent
Término de tipo de contenido texto
Código de tipo de contenido txt
337 ## - TIPO DE MEDIO
Fuente rdamedia
Nombre del tipo de medio sin mediación
Código del tipo de medio n
338 ## - TIPO DE SOPORTE
Fuente rdacarrier
Nombre del tipo de soporte volumen
Código Tipo de soporte nc
490 ## - MENCIÓN DE SERIE
Mención de serie A Continental Commentary
504 ## - NOTA DE BIBLIOGRAFÍA, ETC.
Nota de bibliografía, etc Incluye referencias (páginas )
505 ## - NOTA DE CONTENIDO
Nota de contenido con formato preestablecido introducción -- Resumen -- Crítica textual -- Estilo -- Crítica literaria -- Canonicidad -- Fecha -- Ambiente social -- Teología -- Rut 1:1-22 -- Exilio y muerte en Moab -- El regreso a Judá - - El gran retorno/cambio de Rut -- Rut 2:1-23 -- Espiga en el campo de Booz -- Rut informa a Noemí -- Rut 3:1-18 -- La estrategia de Noemí -- La escena de la seducción -- Rut informa a Noemí -- Rut 4:1-22 -- La sesión de la corte -- El gambito peligroso de Booz -- Matrimonio y nacimiento -- Genealogía -- Conclusión.
520 ## - NOTA DE RESUMEN, ETC.
Nota de sumario, etc. "Este volumen proporciona una introducción legible al libro narrativo de Ruth apropiado para el estudiante, pastor y erudito. LaCocque combina enfoques históricos, literarios, feministas y liberacionistas en una síntesis atractiva. Argumenta que el libro fue escrito en el post- período del exilio y que el autor era una mujer Contrarrestando los miedos y la xenofobia de muchos en Jerusalén, el autor bíblico empleó la noción de hesed (bondad, lealtad, amor constante), que trasciende cualquier frontera nacional". Rut proviene del despreciado pueblo de Moab pero se convierte en un modelo para Israel. Booz, convertido en modelo de amor inquebrantable, se convierte en redentor y levir de Rut y cumple así la Torá.
563 ## - NOTA DE ENCUADERNACIÓN
Nota de encuadernación Tapa dura
630 07 - TITULO UNIFORME
Título uniforme Biblia
Subdivisión de forma Comentarios
630 #7 - TITULO UNIFORME
Título uniforme Biblia.
Nombre de parte o sección de la obra Rut
Subdivisión de materia general Crítica, interpretación, etc.
700 ## - ASIENTO SECUNDARIO - NOMBRE PERSONAL
9 (RLIN) 6478
Nombre personal Hanson, K.C.
Responsabilidad autor
942 ## - TIPO DE MATERIAL (KOHA)
Tipo de Item KOHA Libros General
945 ## - INFORMACIÓN LOCAL DEL REGISTRO
Catalogador JTF-925
Existencias
Estado de Material Estado de Perdido Forma de Clasificación Estado de Dañado No para Préstamo Colección Biblioteca de Origen Biblioteca Permanente Fecha de Adquisición Área Total de Préstamos Signatura Topográfica Código de Barras Última vez visto Ejemplar/Existencia Fecha de Remplazo Tipo de Material
    Dewey Decimal Classification     Colección General Biblioteca FUSBC Biblioteca FUSBC 30/04/2022 BIBLIA   G 222.3507 L142r 21058 17/03/2026 Ej. 1 30/04/2022 Libros General

Biblioteca FUSBC | Teléfono: (57+4) 349 88 10 Ext. 141| WhatsApp (+57) 3005338115 
E-mail: biblioteca@unisbc.edu.co | Calle 76 87-14 Robledo Palenque, Medellín, Colombia

Con tecnología Koha